000 00648cam a2200253 4500
008 090401t1999 xxu||||| |||| 00| 0 eng d
020 _a0582316162
035 _a(Sirsi) u93002
041 _aeng
050 _a690
100 _aChudley, Roy
245 _aConstruction technology.
250 _a3rd ed.
260 _aHarlow
_bLongman
_c1999
300 _axii,539p. : ill. ; 24cm.
350 _a15.99
520 _aSuperseded by fourth edition (ISBN 9780131286429).
650 _aBUILDING TECHNOLOGY
650 _aLOW-RISE BUILDINGS
690 _aBUILT ENVIRONMENT
700 _aGreeno, Roger
942 _n0
948 _c27/04/1999
999 _c97798
_d97798